[Event "FIDE World Blitz 2013"]
[Site "Khanty-Mansiysk RUS"]
[Date "2013.06.09"]
[Round "8.22"]
[White "Kurnosov,I"]
[Black "Frolyanov,D"]
[Result "0-1"]
[WhiteElo "2657"]
[BlackElo "2570"]

1.g3 d5 2.Nf3 Nf6 3.Bg2 c6 4.O-O g6 5.c4 Bg7 6.cxd5 cxd5 7.d4 O-O 8.Nc3 Nc6
9.Bf4 e6 10.Ne5 Nxe5 11.Bxe5 Bd7 12.Qb3 Bc6 13.Rfc1 Bh6 14.Bxf6 Qxf6 15.e3 Qe7
16.Bf1 Rfc8 17.Bb5 Bf8 18.a3 Bxb5 19.Nxb5 Rc6 20.Nc3 Rac8 21.Ne2 Rxc1+ 22.Rxc1 Rxc1+
23.Nxc1 Qc7 24.Nd3 Bd6 25.Kg2 Kg7 26.Qd1 h5 27.h4 Qc4 28.Qd2 a5 29.Ne1 b6
30.Nf3 Qb3 31.Qc1 Qc4 32.Qxc4 dxc4 33.a4 Bb4 34.Ne5 c3 35.bxc3 Bxc3 36.Nd7 Bb4
37.Nxb6 Kf6 38.Kf3 Ke7 39.Nc4 Kd7 40.e4 f6 41.Ke3 Be1 42.d5 exd5 43.exd5 Bb4
44.f3 Be1 45.g4 hxg4 46.fxg4 Bxh4 47.Nxa5 f5 48.gxf5 gxf5 49.Nc4 Bg5+ 50.Kd4 f4
51.Ke4 Kc7 52.Ne5 Kb6 53.Kf5 Bd8 54.Kxf4 Bc7 55.Kf5 Ka5 56.Ke6 Kxa4 57.Nd3 Kb5
58.Kd7 Bh2 59.Ke6 Kb6 60.Ne5 Bg3 61.d6 Bh4 62.Ng6 Bd8 63.Ne7 Kb7 64.Kd7 Ba5
65.Nc6 Bb6 66.Nd8+  0-1

[Event "FIDE World Blitz 2013"]
[Site "Khanty-Mansiysk RUS"]
[Date "2013.06.09"]
[Round "8.12"]
[White "Tkachiev,V"]
[Black "Jakovenko,D"]
[Result "1-0"]
[WhiteElo "2649"]
[BlackElo "2713"]

1.Nf3 d5 2.g3 Nf6 3.Bg2 e6 4.O-O Be7 5.d3 c5 6.Nbd2 Nc6 7.e4 O-O 8.Re1 b5
9.a4 b4 10.exd5 exd5 11.d4 Bg4 12.dxc5 Bxc5 13.Nb3 Bb6 14.h3 Bh5 15.Bg5 a5
16.Qd3 h6 17.Be3 Rc8 18.Bxb6 Qxb6 19.Nh4 Kh8 20.Re3 Rcd8 21.Qb5 Qc7 22.Qc5 Qd7
23.Nxa5 Nxa5 24.Qxa5 d4 25.Ree1 b3 26.cxb3 g5 27.Qf5 Qd6 28.Nf3 Bxf3 29.Qxf3 d3
30.Rad1 d2 31.Re2 Kg7 32.Qc3 Qb6 33.Rexd2  1-0

[Event "FIDE World Blitz 2013"]
[Site "Khanty-Mansiysk RUS"]
[Date "2013.06.09"]
[Round "9.18"]
[White "Ponkratov,P"]
[Black "Frolyanov,D"]
[Result "1/2-1/2"]
[WhiteElo "2605"]
[BlackElo "2570"]

1.Nf3 d5 2.g3 Nf6 3.Bg2 c6 4.O-O g6 5.c4 Bg7 6.cxd5 cxd5 7.Qa4+ Nc6 8.Ne5 Bd7
9.Nxd7 Qxd7 10.d3 O-O 11.Nc3 e6 12.Qh4 Rfc8 13.e4 d4 14.Ne2 Nb4 15.Rd1 Ne8
16.a3 Qa4 17.Bh6 Nc6 18.Bxg7 Kxg7 19.e5 Qb5 20.Nxd4 Qxe5 21.Nxc6 bxc6 22.b4 Rab8
23.d4 Qd6 24.Rac1 Nf6 25.Rc5 Nd5 26.Rdc1 Rc7 27.Qe4 Rb5 28.Qd3 Rxc5 29.dxc5 Qe5
30.Qd2 Qf6 31.Re1 h5 32.h4 Rd7 33.Qc2 Rc7 34.Qe4 Rd7 35.Qe5 Qxe5 36.Rxe5 Kf6
37.Re1 a5 38.Rb1 axb4 39.axb4 Rb7 40.Rb3 Nxb4 41.Bxc6 Rc7 42.Be8 Ke7 43.Bxf7 Kxf7
44.Rxb4  1/2-1/2

[Event "FIDE World Blitz 2013"]
[Site "Khanty-Mansiysk RUS"]
[Date "2013.06.09"]
[Round "10.10"]
[White "Akopian,Vl"]
[Black "Vasquez Schroeder,R"]
[Result "1-0"]
[WhiteElo "2691"]
[BlackElo "2542"]

1.Nf3 d5 2.g3 Bg4 3.Bg2 Nd7 4.O-O c6 5.d3 e5 6.e4 dxe4 7.dxe4 Ngf6 8.Nbd2 Be7
9.h3 Bh5 10.Qe1 Bxf3 11.Bxf3 O-O 12.Nc4 Qc7 13.a4 b6 14.Kg2 a6 15.Bd2 b5
16.Ba5 Qb8 17.Ne3 g6 18.Bc3 Qc7 19.b3 Nc5 20.Ng4 Ncd7 21.Qe2 h5 22.Nxf6+ Nxf6
23.Rfd1 Rfd8 24.Rxd8+ Rxd8 25.axb5 axb5 26.Ba5 Qb8 27.Bxd8 Bxd8 28.Qd3 Bb6
29.b4 Kg7 30.h4 Qc7 31.c3 Qe7 32.Rd1 Bc7 33.Rd2 Qe6 34.Bd1 Kg8 35.Qb1 Qc4
36.Qd3 Qe6 37.f3 Kg7 38.Qb1 Bb6 39.Bb3 Qe7 40.Qd1 Qc7 41.Qe2 Ba7 42.Ra2 Qb6
43.Ra1 Kf8 44.Qd2 Kg7 45.Rf1 Qc7 46.Qa2 c5 47.bxc5 Bxc5 48.Qd2 Bb6 49.Bd5 Qc5
50.Ba2 Ba5 51.Rc1 Bb6 52.Qc2 Qe3 53.Rd1 Bc5 54.Qd2 Qxd2+ 55.Rxd2 b4 56.cxb4 Bxb4
57.Rb2 Be7 58.Rb5 Kf8 59.Rxe5 Nd7 60.Rb5 Nc5 61.Kf2 Bd6 62.Kg2 Be7 63.Ra5 Nd3
64.Ra8+ Kg7 65.f4 Bc5 66.Rc8 Bb6 67.Rb8 Bd4 68.Rb7 Nc5 69.Rxf7+ Kh6 70.e5  1-0

[Event "FIDE World Blitz 2013"]
[Site "Khanty-Mansiysk RUS"]
[Date "2013.06.09"]
[Round "10.26"]
[White "Kurnosov,I"]
[Black "Skatchkov,P"]
[Result "1-0"]
[WhiteElo "2657"]
[BlackElo "2486"]

1.g3 d5 2.Nf3 Nf6 3.Bg2 c6 4.O-O Bg4 5.c4 e6 6.cxd5 exd5 7.d3 Nbd7 8.Nc3 Be7
9.Bf4 O-O 10.Rc1 Re8 11.h3 Bh5 12.e4 dxe4 13.dxe4 Nc5 14.e5 Nd5 15.Nxd5 cxd5
16.g4 Bg6 17.Be3 Nd3 18.Rc2 Rc8 19.Rxc8 Qxc8 20.Qb3 Rd8 21.Nd4 Be4 22.Bxe4 dxe4
23.e6 f6 24.Nf5 Re8 25.Qd5 g6 26.Ng3 Qc6 27.Qxc6 bxc6 28.Nxe4 f5 29.gxf5 gxf5
30.Nc3 Nxb2 31.Bxa7 Bf6 32.Rc1 Nd3 33.Rd1 Nb4 34.Bd4 Rxe6 35.Bxf6 Rxf6 36.a4 c5
37.Kg2 Nc2 38.Rd5 f4 39.Rxc5 Nd4 40.Ne4 Re6 41.Ng5 Rg6 42.Kf1 h6 43.Rc8+ Kg7
44.Rc7+ Kg8 45.Ne4 f3 46.Rd7 Rb6 47.Kg1 Ne2+ 48.Kh2 Rg6 49.Ng3 Nxg3 50.fxg3 Rb6
51.Rd2 Rb4 52.Ra2 Re4 53.Kg1 Re1+ 54.Kf2 Rh1 55.Kxf3 Rxh3 56.a5 Rh5 57.a6 Rf5+
58.Ke4 Rf8 59.a7 Ra8 60.Kd5  1-0

[Event "FIDE World Blitz 2013"]
[Site "Khanty-Mansiysk RUS"]
[Date "2013.06.09"]
[Round "11.5"]
[White "Akopian,Vl"]
[Black "Rublevsky,S"]
[Result "1/2-1/2"]
[WhiteElo "2691"]
[BlackElo "2695"]

1.Nf3 d5 2.g3 c6 3.Bg2 Bg4 4.O-O e6 5.c4 Nf6 6.cxd5 cxd5 7.Qb3 Bxf3 8.Bxf3 Qd7
9.d3 Bc5 10.Nc3 Nc6 11.Bg2 O-O 12.Bg5 Be7 13.Rfc1 Rfc8 14.Qd1 h6 15.Bd2 Rab8
16.a3 b5 17.b4 a6 18.e3 d4 19.exd4 Nxd4 20.Ne4 Nxe4 21.Bxe4 Bf6 22.Rxc8+ Rxc8
23.Rc1 Rxc1 24.Bxc1 Qc8 25.Bd2 Bg5 26.f4 Bf6 27.Kf1 g6 28.Qc1 Qxc1+ 29.Bxc1 Nb3
30.Be3 Bb2 31.Bb7 Bxa3 32.Bxa6 Bxb4 33.Bxb5 Bc5 34.Bc4  1/2-1/2

[Event "FIDE World Blitz 2013"]
[Site "Khanty-Mansiysk RUS"]
[Date "2013.06.09"]
[Round "12.12"]
[White "Inarkiev,E"]
[Black "Dubov,Danii"]
[Result "1-0"]
[WhiteElo "2680"]
[BlackElo "2638"]

1.Nf3 d5 2.g3 g6 3.c4 d4 4.e3 dxe3 5.fxe3 Bg7 6.d4 Nf6 7.Bg2 O-O 8.O-O c5
9.Nc3 Nc6 10.d5 Na5 11.Qd3 a6 12.e4 b5 13.e5 Bf5 14.Qe2 Nd7 15.b3 bxc4 16.bxc4 Nb6
17.Bf4 Nbxc4 18.Rad1 Rb8 19.Na4 Rb4 20.Nxc5 Rb2 21.Nd2 Qb6 22.Qf2 Nxe5 23.h3 Nd3
24.Nxd3 Bd4 25.Nxb2 Bxf2+ 26.Rxf2 Qxb2 27.Nb3 Qa3 28.d6 Rd8 29.Bc1 Qa4 30.Rd4 Qc6
31.Bxc6 Nxc6 32.dxe7 Re8 33.Rd6 Nxe7 34.Re2 Bxh3 35.Bg5 Be6 36.Bxe7 Rxe7
37.Nc5 Rc7 38.Nxe6 fxe6 39.Rxa6 Rc3 40.Kg2 Kg7 41.Raxe6 Kh6 42.R6e3 Rc4 43.a3 Ra4
44.Rb2 Kh5 45.Rb4 Ra5 46.a4 g5 47.g4+ Kg6 48.Re6+ Kf7 49.Rc6 Ra7 50.a5  1-0

[Event "FIDE World Blitz 2013"]
[Site "Khanty-Mansiysk RUS"]
[Date "2013.06.09"]
[Round "13.18"]
[White "Ponkratov,P"]
[Black "Khairullin,I"]
[Result "1-0"]
[WhiteElo "2605"]
[BlackElo "2658"]

1.Nf3 d5 2.g3 c6 3.Bg2 Bg4 4.O-O Nd7 5.d3 Ngf6 6.Qe1 e5 7.e4 dxe4 8.dxe4 Bc5
9.h3 Bxf3 10.Bxf3 O-O 11.Bg2 Re8 12.Kh2 a5 13.Qe2 a4 14.Nd2 a3 15.b3 Bd4
16.Rb1 b5 17.Nf3 Bc3 18.b4 Qe7 19.Bd2 Bxd2 20.Nxd2 Nb6 21.Rb3 Red8 22.c4 Qd7
23.c5 Qxd2 24.Qxd2 Rxd2 25.cxb6 Rxa2 26.Rc3 Rd2 27.Rxc6 Rd7 28.f4 Rb7 29.fxe5 Nd7
30.e6 fxe6 31.e5 Rab8 32.Rxe6 Rxb6 33.Re7 Nf8 34.Bd5+ Kh8 35.Rff7 Ng6 36.Ra7 Nxe5
37.Rxg7 Rh6 38.Rge7 Nc4 39.g4 Rd8 40.Kg3 a2 41.g5 Rh5 42.h4 Nb6 43.Bxa2 Nc8
44.Kg4 Nxa7 45.Rxa7 Rxh4+ 46.Kxh4 Rd4+ 47.Kh5  1-0

[Event "FIDE World Blitz 2013"]
[Site "Khanty-Mansiysk RUS"]
[Date "2013.06.09"]
[Round "13.12"]
[White "Inarkiev,E"]
[Black "Riazantsev,A"]
[Result "1-0"]
[WhiteElo "2680"]
[BlackElo "2708"]

1.Nf3 d5 2.g3 c6 3.Bg2 Bf5 4.O-O e6 5.c4 dxc4 6.a4 Nd7 7.Na3 Bxa3 8.Rxa3 Ne7
9.Rc3 Nb6 10.a5 Nd7 11.Qa4 O-O 12.Qa3 b5 13.axb6 axb6 14.Qd6 b5 15.Nd4 Nf6
16.Qxd8 Rfxd8 17.Nxc6 Nxc6 18.Bxc6 Rab8 19.f3 Rb6 20.Be4 Bxe4 21.fxe4 Nxe4
22.Rc2 f5 23.b3 cxb3 24.Rb2 Nc5 25.d3 Rc6 26.Be3 Na4 27.Rxb3 Nc3 28.Kf2 Rb8
29.Bd4 Nd5 30.Ra1 Rb7 31.Rab1 b4 32.e4 fxe4 33.dxe4 Rc2+ 34.Kg1 Nf6 35.Bxf6 gxf6
36.Rxb4 Rxb4 37.Rxb4 Re2 38.h3 Kf7 39.Kf1 Rh2 40.h4 Kg6 41.Rb5 e5 42.Rb7 Ra2
43.Rb4 Rc2 44.g4 h6 45.Kg1 Re2 46.Ra4 Rc2  1-0

[Event "FIDE World Blitz 2013"]
[Site "Khanty-Mansiysk RUS"]
[Date "2013.06.09"]
[Round "14.24"]
[White "Lagno,Kateryna"]
[Black "Kobalia,M"]
[Result "1-0"]
[WhiteElo "2542"]
[BlackElo "2651"]

1.Nf3 d5 2.g3 Bg4 3.Bg2 Nd7 4.d3 e5 5.h3 Bh5 6.c4 dxc4 7.dxc4 c6 8.Nc3 Ngf6
9.Nh4 Bb4 10.Qb3 Qa5 11.Bd2 O-O 12.a3 Bxc3 13.Bxc3 Qc7 14.Qc2 a5 15.b3 Nc5
16.O-O a4 17.b4 Nb3 18.Rad1 Rad8 19.g4 Bg6 20.Nxg6 hxg6 21.e3 Qe7 22.Qb2 Rde8
23.c5 Nh7 24.Rd6 Ng5 25.Rfd1 f6 26.Qe2 Qf7 27.h4 Ne6 28.Qc4 Nc7 29.Bf1 Nd5
30.Bb2 Kh8 31.e4 Nf4 32.Rd7 Re7 33.Qxf7 Rexf7 34.Bc4 Rxd7 35.Rxd7 Rb8 36.g5 Nd4
37.Bxd4 exd4 38.Rxd4 fxg5 39.hxg5 Nh3+ 40.Kg2 Nxg5 41.f4 Nh7 42.e5 Rf8 43.Kg3 g5
44.fxg5 g6 45.Kg4 Re8 46.Rd7 Nf8 47.Rf7 Rb8 48.e6 Re8 49.e7 Nd7 50.Kf4 b6
51.Be6  1-0

[Event "FIDE World Blitz 2013"]
[Site "Khanty-Mansiysk RUS"]
[Date "2013.06.09"]
[Round "14.16"]
[White "Artemiev,V"]
[Black "Georgiev,Ki"]
[Result "1-0"]
[WhiteElo "2524"]
[BlackElo "2636"]

1.Nf3 d5 2.g3 Nf6 3.Bg2 c6 4.O-O Bg4 5.d3 Nbd7 6.c4 dxc4 7.dxc4 e5 8.Nc3 Qc7
9.h3 Bh5 10.Nh4 Rd8 11.Qc2 Bc5 12.Na4 O-O 13.Nxc5 Nxc5 14.Bg5 Qe7 15.b4 Ncd7
16.c5 Qe6 17.Rad1 h6 18.Rd6 Qe8 19.Be3 Bg6 20.Nxg6 fxg6 21.Rfd1 Kh7 22.h4 e4
23.Qc4 Ne5 24.Qd4 Nf7 25.Rxd8 Nxd8 26.Qc4 Nf7 27.Bf4 g5 28.hxg5 Nxg5 29.Bxg5 hxg5
30.Rd4 e3 31.Qd3+ Kg8 32.Qxe3 Qxe3 33.fxe3 Re8 34.Kf2 Kf7 35.b5 Re5 36.bxc6 bxc6
37.Rc4 Nd5 38.Ra4 Nc3 39.Rxa7+ Kf6 40.Bxc6 Nd1+ 41.Ke1 Nxe3 42.Ra5 Nc2+ 43.Kd2 Nd4
44.Bf3 Kf5 45.g4+ Kf6 46.Ra6+ Ne6 47.c6 Rc5 48.Ra3 Nc7 49.Rd3 Ra5 50.Rd7 Rxa2+
51.Kc3 Ra7 52.Kc4 g6 53.Kc5 Ne6+ 54.Kb6 Ra1 55.c7 Rb1+ 56.Ka7 Rc1 57.Kb8 Rb1+
58.Bb7 Nxc7 59.Kxc7 Rb2 60.Bf3  1-0

[Event "FIDE World Blitz 2013"]
[Site "Khanty-Mansiysk RUS"]
[Date "2013.06.09"]
[Round "15.21"]
[White "Kurnosov,I"]
[Black "Bezgodov,A"]
[Result "1/2-1/2"]
[WhiteElo "2657"]
[BlackElo "2482"]

1.g3 d5 2.Nf3 Nc6 3.Bg2 e5 4.d3 Nf6 5.O-O Be7 6.c4 dxc4 7.Qa4 cxd3 8.Nxe5 O-O
9.Nxd3 Nd4 10.Nf4 c5 11.Nc3 b5 12.Qd1 Rb8 13.e3 Ne6 14.e4 Qxd1 15.Rxd1 Rd8
16.Nfd5 Kf8 17.Be3 b4 18.Nxe7 bxc3 19.Rxd8+ Nxd8 20.Bxc5 Ne6 21.Nc6+ Nxc5
22.Nxb8 cxb2 23.Rb1 Na4 24.e5 Bf5 25.Rxb2 Nxb2 26.exf6 gxf6 27.Kf1 Be6 28.a3 a5
29.Ke2 Nc4 30.a4 Nb6 31.Bc6 Bb3 32.Bb5 Bxa4 33.Bxa4 Nxa4 34.Nc6 Nc3+ 35.Kd3 Nd1
36.Ke2 Nc3+ 37.Kd3 Nd1 38.Ke2  1/2-1/2

[Event "FIDE World Blitz 2013"]
[Site "Khanty-Mansiysk RUS"]
[Date "2013.06.09"]
[Round "15.19"]
[White "Khairullin,I"]
[Black "Vitiugov,N"]
[Result "1/2-1/2"]
[WhiteElo "2658"]
[BlackElo "2734"]

1.Nf3 d5 2.g3 c6 3.Bg2 Nf6 4.O-O Bg4 5.d4 Nbd7 6.Nbd2 e6 7.Re1 Be7 8.e4 O-O
9.c3 dxe4 10.Nxe4 Nxe4 11.Rxe4 Bxf3 12.Qxf3 Bg5 13.h4 Bxc1 14.Rxc1 Nf6 15.Re5 Nd7
16.Re4 Nf6 17.Re5 Nd7 18.Re4  1/2-1/2

[Event "Mitropa Cup 2013"]
[Site "Meissen GER"]
[Date "2013.06.09"]
[Round "9.1"]
[White "Saric,A"]
[Black "Dvirnyy,D"]
[Result "1/2-1/2"]
[WhiteElo "2551"]
[BlackElo "2540"]

1.Nf3 d5 2.g3 c6 3.Bg2 Bg4 4.O-O Nd7 5.d4 e6 6.Nbd2 Ngf6 7.Re1 Be7 8.c3 O-O
9.e4 dxe4 10.Nxe4 Nxe4 11.Rxe4 Bxf3 12.Qxf3 Bg5 13.h4 Bxc1 14.Rxc1 Nf6 15.Re2 Qd5
16.a3 Qxf3 17.Bxf3 h5 18.Kg2 g6 19.Rcc2 Rfd8 20.Re5 Rd6 21.Kf1 Kf8 22.Ke1 Rad8
23.Rd2 Nd5 24.Bxd5 cxd5 25.Kd1 f6 26.Re1 Kf7 27.Kc2 Rc8 28.Kd3 Rdc6 29.Rde2 a6
30.Re3 b5 31.Kd2 Rb8 32.Ra1  1/2-1/2

[Event "Portuguese Honra A 2013"]
[Site "Sintra POR"]
[Date "2013.06.09"]
[Round "2.1"]
[White "Guerreiro,N"]
[Black "Amoes,Francisco"]
[Result "1/2-1/2"]
[WhiteElo "2132"]
[BlackElo "1915"]

1.Nf3 d5 2.g3 c6 3.Bg2 Bf5 4.d3 Nf6 5.Nbd2 e6 6.Nh4 Bg4 7.h3 Bh5 8.g4 Bg6
9.a3 Bc5 10.e3 Bb6 11.Nxg6 hxg6 12.d4 Nbd7 13.b3 Qc7 14.Bb2 c5 15.c4 cxd4
16.exd4 Qf4 17.Qf3 Bc7 18.Qd3 O-O 19.Qe3 b6 20.O-O-O Rac8 21.Kb1 Qxe3 22.fxe3 Bd6
23.g5 dxc4 24.gxf6 c3 25.fxg7 Kxg7 26.Bxc3 Rxc3 27.Nc4 Bxa3 28.Nxa3 Rxb3+
29.Ka2 Rxe3 30.Rhe1 Rg3 31.Rd2 Rh8 32.Rc1 Rh5 33.Rc7 Ra5 34.Rxd7 Raxa3+ 35.Kb2 Rgc3
36.d5 Rab3+ 37.Ka2 Ra3+ 38.Kb1 Rab3+ 39.Ka2 Ra3+ 40.Kb1 Rab3+  1/2-1/2

[Event "FSIM June 2013"]
[Site "Budapest HUN"]
[Date "2013.06.10"]
[Round "9.5"]
[White "Sisatto,O"]
[Black "Farago,S"]
[Result "0-1"]
[WhiteElo "2274"]
[BlackElo "2277"]

1.Nf3 d5 2.g3 Nf6 3.Bg2 c5 4.O-O Nc6 5.c4 d4 6.d3 e5 7.e3 Bd6 8.exd4 cxd4
9.b4 O-O 10.b5 Ne7 11.Re1 Ng6 12.Nbd2 Bf5 13.Nb3 b6 14.a4 Rc8 15.a5 h6 16.axb6 axb6
17.Ba3 Re8 18.Bxd6 Qxd6 19.Ra6 Nd7 20.Qd2 Nc5 21.Nxc5 Qxc5 22.h4 Nf8 23.Kh2 Nd7
24.Bh3 Bxh3 25.Kxh3 Qd6 26.Ra7 Nc5 27.Kg2 Rcd8 28.h5 Qb8 29.Ra3 Qb7 30.Rea1 Qd7
31.Nh4 Qe6 32.f3 Qf6 33.Rf1 Ra8 34.Rfa1 Rad8 35.Rf1 Kh7 36.Ra7 Re6 37.Qc2 Rf8
38.f4 e4 39.dxe4 d3 40.Qd1 Rxe4 41.Nf3 Re2+ 42.Kh3 Qf5+ 43.Kh4 Rfe8  0-1

[Event "2nd Grand Europe Open 2013"]
[Site "Golden Sands BUL"]
[Date "2013.06.10"]
[Round "1.4"]
[White "Vajda,Le"]
[Black "Baciu,D"]
[Result "1-0"]
[WhiteElo "2617"]
[BlackElo "2249"]

1.Nf3 d5 2.g3 Nf6 3.Bg2 Nbd7 4.O-O e5 5.d3 Bd6 6.c4 c6 7.cxd5 cxd5 8.Nc3 a6
9.d4 e4 10.Ne1 b5 11.a3 Bb7 12.Nc2 O-O 13.f3 Qb6 14.Be3 exf3 15.exf3 a5 16.Qd2 Rfc8
17.Rfc1 Bc6 18.Nd1 b4 19.axb4 axb4 20.b3 Bb7 21.Nb2 Rxa1 22.Nxa1 Nb8 23.Na4 Rxc1+
24.Qxc1 Qa5 25.Nc2 Bc6 26.Nc5 Nfd7 27.Nxd7 Bxd7 28.Bf4 Qc7 29.Bf1 Bf5 30.Qe1 Nd7
31.Nxb4 Be6 32.Na6 Qb6 33.Bxd6 Qxd6 34.b4 g6 35.Nc5 Nb6 36.Qe5 Qxe5 37.dxe5 Bc8
38.g4 g5 39.Bd3 Kg7 40.Kf2 h5 41.Bf5 hxg4 42.Bxc8 Nxc8 43.fxg4 Na7 44.Ke3 Nb5
45.Kd3 f6 46.Ne6+ Kf7 47.Nd4 Nc7 48.e6+ Ke7 49.b5 Kd6 50.b6 Na6 51.Kc3 Nb8
52.Kb4 Na6+ 53.Kb5 Nb8 54.h3  1-0

[Event "FIDE World Blitz 2013"]
[Site "Khanty-Mansiysk RUS"]
[Date "2013.06.10"]
[Round "18.19"]
[White "Kurnosov,I"]
[Black "Vitiugov,N"]
[Result "0-1"]
[WhiteElo "2657"]
[BlackElo "2734"]

1.Nf3 d5 2.g3 Nc6 3.Bg2 e5 4.d3 Nf6 5.O-O Be7 6.Nbd2 O-O 7.e4 Re8 8.Re1 Bf8
9.exd5 Nxd5 10.Nc4 f6 11.Bd2 Bg4 12.h3 Bh5 13.a3 a5 14.a4 Ndb4 15.Bc3 Bc5
16.Qd2 Qd7 17.Nh4 Bf7 18.Ne3 Nd5 19.Kh2 Rad8 20.Be4 Nxe3 21.fxe3 Be6 22.Qg2 Bd5
23.Nf5 b6 24.Rf1 Ne7 25.Nxe7+ Rxe7 26.Rae1 Bxe4 27.Qxe4 Qd5 28.Qg4 Qd7 29.Rf5 Rf7
30.e4 Qxa4 31.b3 Qc6 32.Ref1 Be3 33.Be1 Qxc2+ 34.Kh1 Qxd3 35.Rxf6 Qxf1+ 36.Rxf1 Rxf1+
37.Kg2 Rxe1 38.Qe6+ Kh8 39.Qe7 Red1 40.h4 Bc5 41.Qxc7 R1d6 42.h5 h6 43.Kh3 Rf8
44.Qe7 Rdf6 45.Qxe5 Rf3 46.Qc7 Bf2 47.e5 Rxg3+ 48.Kh2 Rgf3 49.e6 Bg3+  0-1

[Event "FIDE World Blitz 2013"]
[Site "Khanty-Mansiysk RUS"]
[Date "2013.06.10"]
[Round "18.10"]
[White "Akopian,Vl"]
[Black "Artemiev,V"]
[Result "1/2-1/2"]
[WhiteElo "2691"]
[BlackElo "2524"]

1.Nf3 d5 2.g3 Nf6 3.Bg2 g6 4.b3 Bg7 5.Bb2 O-O 6.O-O c6 7.c4 Bg4 8.d3 Bxf3
9.Bxf3 Nbd7 10.Nd2 e6 11.Rc1 Qe7 12.Rc2 a5 13.a3 Ne8 14.Qa1 Bxb2 15.Qxb2 Qf6
16.Rfc1 Qxb2 17.Rxb2 Nd6 18.Bg2 Nf5 19.Kf1 Rfd8 20.Bh3 Nd6 21.cxd5 exd5 22.e3 Ne5
23.Ke2 h5 24.d4 Ng4 25.f3 Nf6 26.a4 Re8 27.Rc3 g5 28.Kf2 g4 29.Bg2 Kg7 30.h3 gxf3
31.Bxf3 Re7 32.h4 Rae8 33.Rb1 Nf5 34.Nf1 Nh6 35.Re1 Nhg4+ 36.Ke2 Nh6 37.Kd3 Nf5
38.Rc5 Ne4 39.Rxa5 Nexg3 40.Nxg3 Nxg3 41.Ra7 Nf5 42.Bxh5 Rxe3+ 43.Rxe3 Rxe3+
44.Kd2 Rxb3 45.a5 Nxd4 46.a6 bxa6 47.Bxf7 Kf6 48.Be8 Nf3+ 49.Ke2 Ne5 50.Rxa6 Rc3
51.Kd2 d4 52.h5 Ke7 53.Bg6 Nxg6 54.hxg6 Kf6 55.Ra4 c5 56.Ra6+ Kg7 57.Rc6 Kh6
58.Ke2 Re3+ 59.Kd2 Re5 60.Kd3 Rg5 61.Kc4 Kg7 62.Kd3 Rg3+ 63.Ke4 d3 64.Kf5 Rf3+
65.Kg5 Rg3+ 66.Kf5 Rf3+ 67.Ke4  1/2-1/2

[Event "FIDE World Blitz 2013"]
[Site "Khanty-Mansiysk RUS"]
[Date "2013.06.10"]
[Round "18.9"]
[White "Jakovenko,D"]
[Black "Grachev,B"]
[Result "1/2-1/2"]
[WhiteElo "2713"]
[BlackElo "2683"]

1.Nf3 d5 2.g3 c6 3.Bg2 Bf5 4.O-O e6 5.d3 h6 6.c4 dxc4 7.dxc4 Nd7 8.Nc3 Ngf6
9.Bf4 Be7 10.Qd2 Nc5 11.Rfd1 O-O 12.Ne5 Qxd2 13.Rxd2 Rfd8 14.Rad1 Rxd2 15.Rxd2 a5
16.f3 Rd8 17.Rxd8+ Bxd8 18.e4 Bh7 19.Be3 Nfd7 20.Nxd7 Nxd7 21.Kf2 Kf8 22.Na4 f6
23.Ke2  1/2-1/2

[Event "FIDE World Blitz 2013"]
[Site "Khanty-Mansiysk RUS"]
[Date "2013.06.10"]
[Round "18.8"]
[White "Dubov,Danii"]
[Black "Dreev,A"]
[Result "1/2-1/2"]
[WhiteElo "2638"]
[BlackElo "2668"]

1.Nf3 d5 2.g3 c6 3.Bg2 Bf5 4.O-O e6 5.d3 Nf6 6.Nh4 Bg4 7.h3 Bh5 8.f4 Bc5+
9.Kh1 O-O 10.Qe1 Na6 11.g4 Bg6 12.a3 Re8 13.Nd2 Nd7 14.e4 f6 15.Qg3 Bd6 16.Nxg6 hxg6
17.d4 g5 18.Nb3 gxf4 19.Bxf4 Bxf4 20.Qxf4 Qc7 21.Qf2 Nf8 22.Rae1 Re7 23.Kg1 Rae8
24.Nd2 Qb6 25.b4 Nc7 26.c4 Qa6 27.cxd5 exd5 28.Re3 dxe4 29.Bxe4 Nd5 30.Bxd5+ cxd5
31.Rfe1 Rxe3 32.Rxe3 Rxe3 33.Qxe3 Ne6 34.Nb3 Kf7 35.Nc5 Nxc5 36.bxc5 Qc4
37.Kf2 b6 38.cxb6 axb6 39.Kg3 g5 40.h4 gxh4+ 41.Kxh4 Qc2 42.Kg3 b5 43.Qf3 Qc4  1/2-1/2

[Event "FIDE World Blitz 2013"]
[Site "Khanty-Mansiysk RUS"]
[Date "2013.06.10"]
[Round "19.11"]
[White "Dubov,Danii"]
[Black "Artemiev,V"]
[Result "1/2-1/2"]
[WhiteElo "2638"]
[BlackElo "2524"]

1.Nf3 d5 2.g3 Nf6 3.Bg2 g6 4.b3 Bg7 5.Bb2 O-O 6.O-O c6 7.c4 Bg4 8.d3 Bxf3
9.Bxf3 Nbd7 10.Nd2 e6 11.Bg2 Qe7 12.Qc2 a5 13.a3 Ne8 14.d4 Nd6 15.e3 h5 16.Rac1 Nf5
17.a4 Nf6 18.Ra1 Rfd8 19.Ba3 Qc7 20.h3 Bh6 21.Rfe1 Rac8 22.Rab1 Bf8 23.Bxf8 Kxf8
24.b4 axb4 25.Rxb4 Ra8 26.Reb1 Ra7 27.Qb2 Rda8 28.e4 dxe4 29.Nxe4 Nxe4 30.Bxe4 Nd6
31.Bc2 Kg8 32.c5 Nf5 33.Kg2 Qd7 34.Bxf5 exf5 35.Qb3 Qe7 36.Qc2 h4 37.gxh4 Qxh4
38.Rxb7  1/2-1/2

[Event "FIDE World Blitz 2013"]
[Site "Khanty-Mansiysk RUS"]
[Date "2013.06.10"]
[Round "21.10"]
[White "Tkachiev,V"]
[Black "Inarkiev,E"]
[Result "1-0"]
[WhiteElo "2649"]
[BlackElo "2680"]

1.Nf3 d5 2.g3 g6 3.Bg2 Bg7 4.c4 d4 5.d3 e5 6.Nbd2 Ne7 7.b4 a5 8.b5 c5 9.bxc6 Nexc6
10.Ba3 Nb4 11.Bxb4 axb4 12.Qb3 Nc6 13.a3 Qe7 14.O-O bxa3 15.Ne1 O-O 16.Nc2 f5
17.Rxa3 Rxa3 18.Nxa3 e4 19.dxe4 f4 20.Rb1 Ne5 21.Nf3 Ng4 22.c5+ Kh8 23.Qc2 g5
24.h3 Ne5 25.g4 h5 26.Nxe5 Bxe5 27.Bf3 hxg4 28.hxg4 Kg7 29.Kg2 Rh8 30.Rh1 Rxh1
31.Kxh1 Qc7 32.Qc4 Kf6 33.Qg8 Qxc5 34.Nc4 Bb8 35.e5+ Ke7 36.Qxg5+ Ke8 37.Qg8+ Ke7
38.Bd5 Bxg4 39.Kg1 Bh5 40.Qg7+ Kd8 41.Qh8+ Ke7 42.Qh7+ Kd8 43.Qxb7 Bc7 44.Qa8+ Ke7
45.Qg8 Be8 46.Qe6+ Kd8 47.Nd6 Bxd6 48.exd6 Bd7 49.Qe7+ Kc8 50.Qf8+  1-0

[Event "FIDE World Blitz 2013"]
[Site "Khanty-Mansiysk RUS"]
[Date "2013.06.10"]
[Round "26.3"]
[White "Dubov,Danii"]
[Black "Ponomariov,R"]
[Result "1-0"]
[WhiteElo "2638"]
[BlackElo "2743"]

1.Nf3 d5 2.g3 c6 3.Bg2 g6 4.O-O Bg7 5.d3 e5 6.Nbd2 Ne7 7.e4 O-O 8.Re1 Nd7
9.Qe2 a5 10.Nf1 a4 11.a3 b6 12.h4 Ba6 13.h5 Re8 14.hxg6 hxg6 15.Ng5 Nf6 16.Ne3 dxe4
17.Nxe4 Ned5 18.Nxf6+ Bxf6 19.Qf3 Nxe3 20.Bxe3 e4 21.dxe4 Bxb2 22.Rab1 Bxa3
23.Bxb6 Qe7 24.e5 Bb5 25.e6 fxe6 26.Qg4 Rab8 27.Bd4 Qf7 28.Be4 e5 29.Bxg6 Qg7
30.Qh5 exd4 31.Bxe8 Bf8 32.Re6 Qh7 33.Rg6+ Bg7 34.Qe5 Rd8 35.Qe6+ Kh8 36.Kg2 d3
37.Rh1 Qxh1+ 38.Kxh1 d2 39.Rh6+  1-0

[Event "FIDE World Blitz 2013"]
[Site "Khanty-Mansiysk RUS"]
[Date "2013.06.10"]
[Round "27.6"]
[White "Movsesian,S"]
[Black "Vallejo Pons,F"]
[Result "1-0"]
[WhiteElo "2699"]
[BlackElo "2706"]

1.Nf3 d5 2.g3 c6 3.Bg2 Nf6 4.O-O Bf5 5.c4 e6 6.cxd5 exd5 7.d3 Bc5 8.Nc3 O-O
9.Qb3 Bb6 10.Na4 Nbd7 11.Nxb6 axb6 12.a3 Re8 13.Qc2 b5 14.Be3 h6 15.h3 Bh7
16.Rfe1 Nb6 17.Rac1 Rxe3 18.fxe3 Nc4 19.Qc3 Nxe3 20.Qe5 Nf5 21.g4 Qb6+ 22.Kh2 Re8
23.Qf4 Ne3 24.Bh1 c5 25.Rg1 g5 26.Qg3 d4 27.Nd2 Ned5 28.Bf3 Nf4 29.Rge1 Qd6
30.b4 cxb4 31.axb4 Qxb4 32.Nf1 Kg7 33.Rb1 Qa5 34.Qf2 Qb6 35.Ng3 b4 36.Rec1 b3
37.Rc4 Rd8 38.Qe1 N6d5 39.Qd2 h5 40.gxh5 Ne3 41.Rb4 Qd6 42.R4xb3 Nf5 43.Rb6 Qe5
44.R1b5 Nd5 45.Qxg5+ Kh8 46.Qxd8+ Bg8 47.Qg5  1-0

[Event "FIDE World Blitz 2013"]
[Site "Khanty-Mansiysk RUS"]
[Date "2013.06.10"]
[Round "29.4"]
[White "Grischuk,A"]
[Black "Riazantsev,A"]
[Result "1-0"]
[WhiteElo "2779"]
[BlackElo "2708"]

1.Nf3 d5 2.g3 c6 3.Bg2 Bf5 4.O-O e6 5.c4 dxc4 6.Na3 Bxa3 7.bxa3 Nd7 8.a4 Ne7
9.Bb2 O-O 10.Rc1 Nb6 11.Ne5 f6 12.Nxc4 Nxc4 13.Rxc4 e5 14.d4 exd4 15.Rxd4 Qc8
16.a5 a6 17.Ba3 Re8 18.Bc5 Be6 19.Qd2 Nf5 20.Rb4 Rd8 21.Qb2 Rd7 22.e4 Nd6
23.Bxd6 Rxd6 24.e5 fxe5 25.Rxb7 Rd7 26.Rb6 Bd5 27.Qxe5 Bxg2 28.Kxg2 Rc7 29.Rc1 h6
30.Rc5 Qd7 31.Qe4 Re8 32.Qc4+ Kh8 33.Rbxc6 Rxc6 34.Rxc6 Qf5 35.Rxa6 Rf8 36.Qe2 Qd5+
37.f3 Rd8 38.Re6 Qxa5 39.Re8+ Rxe8 40.Qxe8+ Kh7 41.Qe4+ Kh8 42.Qc2 Qa3 43.g4 Qa5
44.a4 Qb4 45.Qa2 Qa5 46.h4 Kh7 47.Qc2+ Kh8 48.h5 Kg8 49.Qc8+  1-0

[Event "FIDE World Blitz 2013"]
[Site "Khanty-Mansiysk RUS"]
[Date "2013.06.10"]
[Round "30.14"]
[White "Kurnosov,I"]
[Black "Rublevsky,S"]
[Result "1-0"]
[WhiteElo "2657"]
[BlackElo "2695"]

1.g3 d5 2.Nf3 Bg4 3.Bg2 c6 4.c4 e6 5.O-O Nf6 6.d3 Nbd7 7.cxd5 cxd5 8.Nc3 Be7
9.Bf4 O-O 10.Rc1 a6 11.h3 Bh5 12.e4 dxe4 13.dxe4 Nc5 14.Qxd8 Rfxd8 15.Ne5 Nfd7
16.Nxd7 Rxd7 17.Be3 Nd3 18.Rc2 Rad8 19.f4 f6 20.Bb6 Bc5+ 21.Bxc5 Nxc5 22.b4 Nd3
23.Na4 Nxb4 24.Rb2 Nd3 25.Rb6 e5 26.fxe5 Nxe5 27.Nc5 Rd2 28.Rf2 Rxf2 29.Kxf2 Rd2+
30.Kg1 Rxa2 31.Rxb7 Bg6 32.Rb8+ Kf7 33.Rb7+ Ke8 34.Rxg7 a5 35.Ra7 Nc4 36.Ne6 Ne3
37.Bf3 a4 38.e5 Ra1+ 39.Kf2 Nd1+ 40.Ke2 Nc3+ 41.Kd2 Ne4+ 42.Bxe4 Bxe4 43.exf6 Ra2+
44.Ke3  1-0

[Event "1st Golden Apricot 2013"]
[Site "Malatya TUR"]
[Date "2013.06.10"]
[Round "1"]
[White "Benidze,D"]
[Black "Seyhanoglu,D"]
[Result "1-0"]
[WhiteElo "2495"]
[BlackElo "2060"]

1.Nf3 d5 2.g3 g6 3.Bg2 Bg7 4.O-O e5 5.c4 Ne7 6.cxd5 Nxd5 7.Nc3 Ne7 8.d3 Nbc6
9.Be3 O-O 10.Rc1 h6 11.Bc5 Re8 12.b4 Nd4 13.Nd2 Rb8 14.Bxa7 Ra8 15.Bc5 Ne6
16.Bxe7 Rxe7 17.Nc4 Nd4 18.e3 Nf5 19.Qe2 c6 20.a4 Be6 21.a5 c5 22.Nb6 Ra6
23.Ncd5 cxb4 24.Nxe7+ Nxe7 25.Qd2 Qd6 26.Nc4 Qc5 27.Bxb7 Ra7 28.a6 Nd5 29.Nxe5 Nc3
30.d4 Qd6 31.Rxc3  1-0